[Event "POL-chT 1st League"]
[Site "Dzwirzyno"]
[Date "2019.09.14"]
[Round "8.2"]
[White "Godzwon, Iwo"]
[Black "Zezulkin, Jurij"]
[Result "1-0"]
[WhiteElo "2265"]
[BlackElo "2434"]
[PlyCount "76"]
[EventDate "2019.09.07"]
[EventType "team-tourn"]
[EventRounds "9"]
[EventCountry "POL"]
[SourceTitle "EXT 2020"]
[Source "ChessBase"]
[SourceDate "2019.10.17"]
[SourceVersion "1"]
[SourceVersionDate "2019.10.17"]
[SourceQuality "1"]
[WhiteTeam "Grzybowo GKSz Solny"]
[BlackTeam "Pawlowice Gminy"]
[WhiteTeamCountry "POL"]
[BlackTeamCountry "POL"]

1. e4 c5 2. Nf3 Nc6 3. d4 cxd4 4. Nxd4 e5 5. Nb5 d6 6. c4 Be7 7. N1c3 a6 8. Na3 Be6 9. Nc2 Bg5 10. Be2 Bxc1 11. Rxc1 Nf6 12. 0-0 0-0 13. Qd2 Qb6 14. Rfd1 Rfd8 15. b3 Rac8 16. h3 h6 17. Bf3 Kf8 18. Nd5 Bxd5 19. cxd5 Na7 20. Ne3 Nb5 21. Nc4 Qa7 22. Qb4 Qc5 23. Qd2 Qa7 24. a4 Nd4 25. Qb4 Qc5 26. Qxb7 Rc7 27. b4 Qa7 28. Qxa7 Rxa7 29. Na5 Rb8 30. Rc4 Nd7 31. Rcxd4 exd4 32. Nc6 Raa8 33. Nxb8 Rxb8 34. Rxd4 a5 35. Bg4 Ne5 36. bxa5 Rb1+ 37. Kh2 Rc1 38. a6 Rc5 1-0

[Event "POL-ch blitz"]
[Site "Chorzow"]
[Date "2019.04.12"]
[Round "7"]
[White "Zezulkin, Jurij"]
[Black "Bartel, Mateusz"]
[Result "0-1"]
[WhiteElo "2434"]
[BlackElo "2593"]
[PlyCount "58"]
[EventDate "2019.04.12"]
[EventType "swiss (blitz)"]
[EventRounds "15"]
[EventCountry "POL"]
[SourceTitle "CBM 189 Extra"]
[Source "ChessBase"]
[SourceDate "2019.06.03"]
[SourceVersion "1"]
[SourceVersionDate "2019.06.03"]
[SourceQuality "1"]

1. e4 Nf6 2. Nc3 d5 3. e5 d4 4. Nce2 Ne4 5. f4 Nc6 6. d3 Nc5 7. Ng3 Be6 8. f5 Bd5 9. Bf4 e6 10. Nf3 Qd7 11. Be2 exf5 12. 0-0 Ne6 13. Bc1 g6 14. c4 dxc3 15. bxc3 Bg7 16. d4 0-0 17. Bb2 Na5 18. Nd2 b5 19. a4 a6 20. Ba3 Rfb8 21. Bb4 Nc4 22. Nxc4 bxc4 23. a5 Rb5 24. Qd2 Rab8 25. Bd1 Bc6 26. Ba4 Rd5 27. Qc2 Nxd4 28. Qf2 Bxa4 29. Ba3 Nc2 0-1

[Event "CZE-chT1W 1314"]
[Site "Czech Republic"]
[Date "2014.02.23"]
[Round "8.5"]
[White "Prymula, Roman"]
[Black "Zezulkin, Jurij"]
[Result "1/2-1/2"]
[WhiteElo "2273"]
[BlackElo "2432"]
[PlyCount "42"]
[EventDate "2013.10.20"]
[EventType "team-tourn"]
[EventRounds "11"]
[EventCountry "CZE"]
[SourceTitle "EXT 2015"]
[Source "ChessBase"]
[SourceDate "2014.11.20"]
[SourceVersion "1"]
[SourceVersionDate "2014.11.20"]
[SourceQuality "1"]
[WhiteTeam "Hradec Kralove"]
[BlackTeam "Jicin"]
[WhiteTeamCountry "CZE"]
[BlackTeamCountry "CZE"]

1. d4 Nf6 2. Nf3 g6 3. c3 Bg7 4. Bf4 0-0 5. Nbd2 d5 6. h3 b6 7. e3 Bb7 8. Bd3 c5 9. 0-0 Nc6 10. Ne5 Nd7 11. Nxd7 Qxd7 12. Nf3 Rfe8 13. Bb5 f6 14. Bg3 a6 15. Ba4 e5 16. Rc1 b5 17. Bc2 e4 18. Nd2 c4 19. f3 exf3 20. Qxf3 f5 21. Bf4 Nd8 1/2-1/2

[Event "CZE-chT2B 1213"]
[Site "Czech Republic"]
[Date "2013.01.06"]
[Round "6.1"]
[White "Korinek, Ondrej"]
[Black "Zezulkin, Jurij"]
[Result "1/2-1/2"]
[WhiteElo "2322"]
[BlackElo "2436"]
[PlyCount "50"]
[EventDate "2012.10.14"]
[EventType "team-tourn"]
[EventRounds "11"]
[EventCountry "CZE"]
[SourceTitle "EXT 2015"]
[Source "ChessBase"]
[SourceDate "2014.11.20"]
[SourceVersion "1"]
[SourceVersionDate "2014.11.20"]
[SourceQuality "1"]
[WhiteTeam "Horice"]
[BlackTeam "Jicin II"]
[WhiteTeamCountry "CZE"]
[BlackTeamCountry "CZE"]

1. e4 c5 2. Nf3 Nc6 3. d4 cxd4 4. Nxd4 e5 5. Nb5 d6 6. N1c3 a6 7. Na3 b5 8. Nd5 Nf6 9. Bg5 Be7 10. Bxf6 Bxf6 11. c3 Ne7 12. Nc2 Nxd5 13. Qxd5 Rb8 14. Nb4 Bb7 15. Qd3 0-0 16. Be2 Bg5 17. 0-0 a5 18. Nd5 Ba8 19. Rad1 g6 20. Bg4 Kh8 21. Kh1 f5 22. Bf3 Qd7 23. Ne3 Rbd8 24. Nd5 Bc6 25. exf5 gxf5 1/2-1/2

[Event "CZE-chT1W 1112"]
[Site "Czech Republic"]
[Date "2012.04.01"]
[Round "11.4"]
[White "Folk, Petr"]
[Black "Zezulkin, Jurij"]
[Result "0-1"]
[WhiteElo "2238"]
[BlackElo "2450"]
[PlyCount "72"]
[EventDate "2011.10.02"]
[EventType "team-tourn"]
[EventRounds "11"]
[EventCountry "CZE"]
[SourceTitle "EXT 2013"]
[Source "ChessBase"]
[SourceDate "2012.11.22"]
[SourceVersion "1"]
[SourceVersionDate "2012.11.22"]
[SourceQuality "1"]
[WhiteTeam "Kozolupy"]
[BlackTeam "Jicin"]
[WhiteTeamCountry "CZE"]
[BlackTeamCountry "CZE"]

1. e4 c5 2. Nf3 Nc6 3. d4 cxd4 4. Nxd4 Nf6 5. Nc3 e5 6. Ndb5 d6 7. Bg5 a6 8. Na3 b5 9. Bxf6 gxf6 10. Nd5 f5 11. c3 Bg7 12. exf5 Bxf5 13. Nc2 Be6 14. g3 0-0 15. Bg2 f5 16. 0-0 a5 17. Qe2 Rb8 18. Na3 b4 19. Nb5 e4 20. Rad1 bxc3 21. bxc3 Be5 22. f4 Bxd5 23. Rxd5 Qb6+ 24. Kh1 Ne7 25. fxe5 Nxd5 26. Nxd6 Ne3 27. Re1 Qc5 28. Qxe3 Qxe3 29. Rxe3 Rb1+ 30. Bf1 Rxf1+ 31. Kg2 Rd1 32. c4 Rd2+ 33. Kh3 Kg7 34. c5 Rd5 35. g4 Rd3 36. Rxd3 exd3 0-1

[Event "CZE-chT1W 1011"]
[Site "Czech Republic"]
[Date "2011.02.13"]
[Round "8.5"]
[White "Zezulkin, Jurij"]
[Black "Oresky, Jan"]
[Result "1/2-1/2"]
[WhiteElo "2437"]
[BlackElo "2213"]
[PlyCount "83"]
[EventDate "2010.10.10"]
[EventType "team-tourn"]
[EventRounds "11"]
[EventCountry "CZE"]
[SourceTitle "EXT 2012"]
[Source "ChessBase"]
[SourceDate "2011.11.24"]
[SourceVersion "1"]
[SourceVersionDate "2011.11.24"]
[SourceQuality "1"]
[WhiteTeam "Jicin"]
[BlackTeam "Novoborsky II"]
[WhiteTeamCountry "CZE"]
[BlackTeamCountry "CZE"]

1. e4 c5 2. Nc3 Nc6 3. Nf3 g6 4. d4 cxd4 5. Nxd4 Bg7 6. Be3 Nf6 7. Bc4 0-0 8. Bb3 d6 9. f3 Bd7 10. Qd2 Rc8 11. 0-0-0 Ne5 12. h4 h5 13. Kb1 Re8 14. Rhe1 Nc4 15. Bxc4 Rxc4 16. Nb3 Qc7 17. Bd4 Bc6 18. Qe2 b5 19. e5 dxe5 20. Bxe5 Qb6 21. Nd2 Rxh4 22. g3 Rd4 23. Bxd4 Qxd4 24. Nde4 Qb6 25. Nxf6+ Bxf6 26. Nd5 Bxd5 27. Rxd5 a6 28. g4 hxg4 29. fxg4 Qc6 30. Qd3 Qb6 31. g5 Bg7 32. a3 Qa5 33. Rd1 Qa4 34. Rd8 Rxd8 35. Qxd8+ Bf8 36. Qc8 Qc4 37. Qxc4 bxc4 38. Rd4 f5 39. Rxc4 e5 40. Rc6 Be7 41. Re6 Kf7 42. Rxe5 1/2-1/2

[Event "CZE-chT1W 1011"]
[Site "Czech Republic"]
[Date "2010.11.28"]
[Round "4.4"]
[White "Petrova, Kristyna"]
[Black "Zezulkin, Jurij"]
[Result "0-1"]
[WhiteElo "2318"]
[BlackElo "2437"]
[PlyCount "68"]
[EventDate "2010.10.10"]
[EventType "team-tourn"]
[EventRounds "11"]
[EventCountry "CZE"]
[SourceTitle "EXT 2012"]
[Source "ChessBase"]
[SourceDate "2011.11.24"]
[SourceVersion "1"]
[SourceVersionDate "2011.11.24"]
[SourceQuality "1"]
[WhiteTeam "Kozolupy"]
[BlackTeam "Jicin"]
[WhiteTeamCountry "CZE"]
[BlackTeamCountry "CZE"]

1. e4 c5 2. Nf3 Nc6 3. d4 cxd4 4. Nxd4 e5 5. Nb5 d6 6. a4 Nf6 7. N1c3 Be6 8. Bg5 a6 9. Na3 Rc8 10. Bc4 Nd4 11. Nd5 Qa5+ 12. Bd2 Qxa4 13. Nb6 Qc6 14. Nxc8 Qxe4+ 15. Kf1 Bh3 16. f3 Nxf3 17. Qe2 Bxg2+ 18. Qxg2 Nxd2+ 19. Kg1 Nf3+ 20. Kf1 d5 21. Rd1 dxc4 22. Qe2 Nd2+ 23. Ke1 Nf3+ 24. Kf1 Nd2+ 25. Ke1 c3 26. Qxe4 Nfxe4 27. Nb1 Nxb1 28. Rxb1 Bc5 29. bxc3 b5 30. c4 b4 31. Ra1 0-0 32. Nb6 Bxb6 33. Rxa6 Bc5 34. Ke2 Rd8 0-1

[Event "POL-chT 1st League"]
[Site "Katowice"]
[Date "2010.09.11"]
[Round "8"]
[White "Praszak, Michal"]
[Black "Zezulkin, Jurij"]
[Result "0-1"]
[WhiteElo "2215"]
[BlackElo "2437"]
[PlyCount "121"]
[EventDate "2010.09.04"]
[EventType "team-tourn"]
[EventRounds "9"]
[EventCountry "POL"]
[SourceTitle "EXT 2019"]
[Source "ChessBase"]
[SourceDate "2018.10.10"]
[SourceVersion "1"]
[SourceVersionDate "2018.10.10"]
[SourceQuality "1"]
[WhiteTeam "Lublin Drakon SKOK Chmielewskiego"]
[BlackTeam "Kozuchow Odrodzenie"]
[WhiteTeamCountry "POL"]
[BlackTeamCountry "POL"]

1. d4 Nf6 2. Nc3 d5 3. Bg5 g6 4. Nf3 Bg7 5. e3 0-0 6. Be2 c5 7. 0-0 Ne4 8. Nxe4 dxe4 9. Nd2 h6 10. Bh4 cxd4 11. exd4 g5 12. Bg3 Qxd4 13. c3 Qb6 14. h4 Bf5 15. hxg5 hxg5 16. Nc4 Qg6 17. Qd5 Nc6 18. Ne3 Be6 19. Qb5 Rac8 20. Qxb7 f5 21. Bc7 Nd8 22. Bxd8 Rfxd8 23. Rfd1 Qf7 24. Qa6 f4 25. Bg4 Bxg4 26. Nxg4 Qf5 27. Qe2 f3 28. gxf3 Rxd1+ 29. Qxd1 exf3 30. Ne3 Qf4 31. Qd5+ Kh8 32. Qe6 Rf8 33. Qh3+ Kg8 34. Re1 Qe4 35. Rd1 Bf6 36. Qd7 Kg7 37. Nf5+ Kg6 38. Ng3 Qc2 39. Qd3+ Qxd3 40. Rxd3 Be5 41. Nf1 g4 42. Rd7 e6 43. Ne3 Bf4 44. Nxg4 Rg8 45. Ne3 Kf6+ 46. Kf1 Bxe3 47. fxe3 Rg2 48. Rxa7 Rxb2 49. c4 Kf5 50. c5 Rc2 51. c6 Ke4 52. c7 Kxe3 53. Ra3+ Kf4 54. Ke1 Kg3 55. Re3 Rxc7 56. Kd2 Rc6 57. a4 Rd6+ 58. Kc2 Kf4 59. Re1 f2 60. Ra1 Kg3 61. Rb1 0-1

[Event "POL-chT 1st League"]
[Site "Katowice"]
[Date "2010.09.10"]
[Round "7"]
[White "Piesik, Piotr"]
[Black "Zezulkin, Jurij"]
[Result "0-1"]
[WhiteElo "2237"]
[BlackElo "2437"]
[PlyCount "102"]
[EventDate "2010.09.04"]
[EventType "team-tourn"]
[EventRounds "9"]
[EventCountry "POL"]
[SourceTitle "EXT 2019"]
[Source "ChessBase"]
[SourceDate "2018.10.10"]
[SourceVersion "1"]
[SourceVersionDate "2018.10.10"]
[SourceQuality "1"]
[WhiteTeam "Wroclaw AZS Politechnika"]
[BlackTeam "Kozuchow Odrodzenie"]
[WhiteTeamCountry "POL"]
[BlackTeamCountry "POL"]

1. Nf3 Nf6 2. g3 g6 3. Bg2 Bg7 4. 0-0 0-0 5. d4 d5 6. c4 Nc6 7. cxd5 Nxd5 8. e4 Nb6 9. d5 Na5 10. Nc3 c6 11. Qd3 cxd5 12. Rd1 Bg4 13. Qb5 Nac4 14. Nxd5 Nd6 15. Qe2 Nxd5 16. exd5 Qb6 17. Bf4 Rfe8 18. Be5 Bxe5 19. Qxe5 Rac8 20. Rac1 Nc4 21. Qd4 Qxd4 22. Rxd4 Ne5 23. Rxc8 Rxc8 24. Ne1 Rc1 25. Re4 Nf3+ 26. Bxf3 Bxf3 27. Rxe7 Bxd5 28. a3 Be6 29. Re8+ Kg7 30. Kf1 Rb1 31. b4 Ra1 32. Re7 Rxa3 33. Rxb7 Bc4+ 34. Kg1 Ra1 35. Re7 Kf6 36. Re4 Bd5 37. Re3 Rb1 38. f4 Rxb4 39. Ra3 Rb1 40. Kf2 Rb2+ 41. Kg1 Ra2 42. Rc3 a5 43. Nc2 a4 44. Nb4 Ra1+ 45. Kf2 Be6 46. Nc2 Rc1 47. Ke3 Bb3 48. Rc6+ Kg7 49. Nd4 Rxc6 50. Nxc6 a3 51. Nd4 Ba4 0-1

[Event "CZE-chT2C 0910"]
[Site "Czech Republic"]
[Date "2010.03.28"]
[Round "10.3"]
[White "Erneker, Josef"]
[Black "Zezulkin, Jurij"]
[Result "0-1"]
[WhiteElo "2283"]
[BlackElo "2423"]
[PlyCount "78"]
[EventDate "2009.10.18"]
[EventType "team-tourn"]
[EventRounds "11"]
[EventCountry "CZE"]
[SourceTitle "EXT 2011"]
[Source "ChessBase"]
[SourceDate "2010.11.26"]
[SourceVersion "1"]
[SourceVersionDate "2010.11.26"]
[SourceQuality "1"]
[WhiteTeam "Praha Oaza"]
[BlackTeam "Jicin"]
[WhiteTeamCountry "CZE"]
[BlackTeamCountry "CZE"]

1. e4 c5 2. c3 Nf6 3. e5 Nd5 4. d4 cxd4 5. cxd4 d6 6. Nf3 Nc6 7. Bc4 Nb6 8. Bb3 d5 9. h3 Bf5 10. 0-0 e6 11. Bg5 Qd7 12. Nc3 h6 13. Be3 Na5 14. Nh4 Bh7 15. f4 Nbc4 16. Bc1 Be7 17. Qe1 Nc6 18. Nf3 a6 19. Qf2 b5 20. a3 Rc8 21. g4 h5 22. Kg2 N6a5 23. Ba2 Nxa3 24. Ne1 hxg4 25. hxg4 Bh4 26. Qxh4 Be4+ 27. Nxe4 Rxh4 28. Nd6+ Ke7 29. Nxc8+ Qxc8 30. bxa3 Qc3 31. Rb1 Qh3+ 32. Kf2 Qh2+ 33. Ng2 Rxg4 34. Rg1 Qg3+ 35. Ke2 Qxg2+ 36. Rxg2 Rxg2+ 37. Kd3 Rxa2 38. Bb2 Nc4 39. Kc3 Rxb2 0-1

[Event "CZE-chT2C 0910"]
[Site "Czech Republic"]
[Date "2010.03.14"]
[Round "9.2"]
[White "Bartos, Jan"]
[Black "Zezulkin, Jurij"]
[Result "1/2-1/2"]
[WhiteElo "2249"]
[BlackElo "2423"]
[PlyCount "48"]
[EventDate "2009.10.18"]
[EventType "team-tourn"]
[EventRounds "11"]
[EventCountry "CZE"]
[SourceTitle "EXT 2011"]
[Source "ChessBase"]
[SourceDate "2010.11.26"]
[SourceVersion "1"]
[SourceVersionDate "2010.11.26"]
[SourceQuality "1"]
[WhiteTeam "Praha Dukla"]
[BlackTeam "Jicin"]
[WhiteTeamCountry "CZE"]
[BlackTeamCountry "CZE"]

1. d4 Nf6 2. Nf3 g6 3. c4 Bg7 4. Nc3 d5 5. Bg5 Ne4 6. Bh4 Nxc3 7. bxc3 dxc4 8. Qa4+ Qd7 9. Qxc4 b6 10. e3 Ba6 11. Qb3 Bxf1 12. Kxf1 Nc6 13. Ke2 Na5 14. Qb4 c5 15. dxc5 0-0 16. Rhd1 Qc7 17. Bg3 Qc6 18. Rab1 Rfc8 19. cxb6 Bxc3 20. Qb5 axb6 21. Qxc6 Rxc6 22. Rdc1 Rac8 23. Rc2 f6 24. Nd2 f5 1/2-1/2

[Event "CZE-chT2C 0910"]
[Site "Czech Republic"]
[Date "2010.02.14"]
[Round "7.3"]
[White "Zezulkin, Jurij"]
[Black "Benes, Petr"]
[Result "1-0"]
[WhiteElo "2423"]
[BlackElo "2154"]
[PlyCount "51"]
[EventDate "2009.10.18"]
[EventType "team-tourn"]
[EventRounds "11"]
[EventCountry "CZE"]
[SourceTitle "EXT 2011"]
[Source "ChessBase"]
[SourceDate "2010.11.26"]
[SourceVersion "1"]
[SourceVersionDate "2010.11.26"]
[SourceQuality "1"]
[WhiteTeam "Jicin"]
[BlackTeam "Kolin"]
[WhiteTeamCountry "CZE"]
[BlackTeamCountry "CZE"]

1. e4 d6 2. d4 Nf6 3. Nc3 c6 4. f3 Qc7 5. Be3 e5 6. g4 Be7 7. Nge2 0-0 8. Ng3 b5 9. a3 a6 10. g5 Ne8 11. d5 c5 12. h4 g6 13. h5 f5 14. gxf6 Bxf6 15. hxg6 hxg6 16. Rh6 Qf7 17. Bh3 Bxh3 18. Rxh3 Bg7 19. Kd2 Qxf3 20. Qg1 Qg4 21. Qh2 Rf3 22. Rg1 Bf6 23. Nd1 Bg5 24. Rh8+ Kf7 25. Qh7+ Ng7 26. Qg8+ 1-0

[Event "BL2-Nord 0809"]
[Site "Germany"]
[Date "2009.03.01"]
[Round "7.2"]
[White "Zezulkin, Jurij"]
[Black "Feuerstack, Aljoscha"]
[Result "1/2-1/2"]
[WhiteElo "2430"]
[BlackElo "2360"]
[PlyCount "45"]
[EventDate "2008.10.05"]
[EventType "team-tourn"]
[EventRounds "9"]
[EventCountry "GER"]
[SourceTitle "CBM 129 Extra"]
[Source "ChessBase"]
[SourceDate "2009.05.05"]
[SourceVersion "2"]
[SourceVersionDate "2009.05.20"]
[SourceQuality "1"]
[WhiteTeam "Zehlendorf"]
[BlackTeam "Norderstedt"]
[WhiteTeamCountry "GER"]
[BlackTeamCountry "GER"]

1. e4 c5 2. Nf3 e6 3. d4 cxd4 4. Nxd4 a6 5. Nc3 Qc7 6. Bd3 Nf6 7. 0-0 Bc5 8. Be3 d6 9. Qf3 0-0 10. Rae1 Nbd7 11. Qg3 b5 12. Nb3 Bxe3 13. Rxe3 Bb7 14. f4 Qb6 15. Kh1 e5 16. fxe5 Nh5 17. Qg5 h6 18. Qxh5 Qxe3 19. exd6 f5 20. exf5 Rad8 21. Qh4 Nf6 22. Qb4 Qg5 23. Ne4 1/2-1/2

[Event "Lasker Memorial op"]
[Site "Barlinek"]
[Date "2009.??.??"]
[Round "4"]
[White "Zezulkin, Jurij"]
[Black "Aliavdin, Nikolai"]
[Result "1/2-1/2"]
[WhiteElo "2431"]
[BlackElo "2365"]
[PlyCount "35"]
[EventDate "2009.05.16"]
[EventType "swiss"]
[EventRounds "9"]
[EventCountry "POL"]
[SourceTitle "CBM 130 Extra"]
[Source "ChessBase"]
[SourceDate "2009.07.02"]
[SourceVersion "2"]
[SourceVersionDate "2009.07.15"]
[SourceQuality "1"]

1. e4 c5 2. Nf3 d6 3. d4 cxd4 4. Nxd4 Nf6 5. Nc3 a6 6. h3 e6 7. g4 b5 8. Bg2 Bb7 9. a3 Be7 10. 0-0 Qc7 11. Re1 0-0 12. Be3 Nc6 13. Nxc6 Bxc6 14. f4 Rfd8 15. g5 Nd7 16. Qg4 a5 17. Bf2 Bf8 18. Ne2 1/2-1/2

[Event "BL2-Nord 0809"]
[Site "Germany"]
[Date "2008.10.26"]
[Round "2.2"]
[White "Schmidt Schaeffer, Sebastian"]
[Black "Zezulkin, Jurij"]
[Result "0-1"]
[WhiteElo "2380"]
[BlackElo "2430"]
[PlyCount "80"]
[EventDate "2008.10.05"]
[EventType "team-tourn"]
[EventRounds "9"]
[EventCountry "GER"]
[SourceTitle "CBM 129 Extra"]
[Source "ChessBase"]
[SourceDate "2009.05.05"]
[SourceVersion "2"]
[SourceVersionDate "2009.05.20"]
[SourceQuality "1"]
[WhiteTeam "Kreuzberg II"]
[BlackTeam "Zehlendorf"]
[WhiteTeamCountry "GER"]
[BlackTeamCountry "GER"]

1. f4 d5 2. Nf3 Nf6 3. e3 g6 4. d4 Bg7 5. Nbd2 0-0 6. Ne5 c5 7. c3 b6 8. b4 Qc7 9. bxc5 bxc5 10. Bd3 Ba6 11. Bxa6 Nxa6 12. 0-0 cxd4 13. cxd4 Qc3 14. Qb3 Rfc8 15. Rb1 Rab8 16. Qxc3 Rxc3 17. Rxb8+ Nxb8 18. Ndf3 Ne4 19. Bb2 Rc2 20. Nd3 Nd7 21. Rc1 Rxc1+ 22. Bxc1 Nb6 23. Kf1 Nc4 24. Nb4 e6 25. a4 f6 26. Nc6 e5 27. g4 Kf7 28. g5 Ke8 29. gxf6 Bxf6 30. Nfxe5 Bxe5 31. Nxe5 Nxe5 32. dxe5 Kd7 33. Ke1 Kc6 34. Bd2 Kb6 35. Ke2 Nc5 36. Kf3 Nxa4 37. Kg4 Nc5 38. Bc3 Ne4 39. Bd4+ Kb5 40. h4 h5+ 0-1

[Event "POL-chT 1st League"]
[Site "Ustron"]
[Date "2008.09.09"]
[Round "4"]
[White "Chojnacki, Krzysztof"]
[Black "Zezulkin, Jurij"]
[Result "1/2-1/2"]
[WhiteElo "2416"]
[BlackElo "2448"]
[PlyCount "36"]
[EventDate "2008.09.06"]
[EventType "team-tourn"]
[EventRounds "9"]
[EventCountry "POL"]
[SourceTitle "CBM 126 Extra"]
[Source "ChessBase"]
[SourceDate "2008.11.05"]
[SourceVersion "1"]
[SourceVersionDate "2008.11.05"]
[SourceQuality "1"]
[WhiteTeam "Poznan Pocztowiec"]
[BlackTeam "Kozuchow Odrodzenie"]
[WhiteTeamCountry "POL"]
[BlackTeamCountry "POL"]

1. e4 c5 2. Nf3 Nc6 3. d4 cxd4 4. Nxd4 Nf6 5. Nc3 e5 6. Ndb5 d6 7. Bg5 a6 8. Na3 b5 9. Bxf6 gxf6 10. Nd5 f5 11. c3 Bg7 12. exf5 Bxf5 13. Nc2 Be6 14. Nce3 Ne7 15. g3 Nxd5 16. Nxd5 0-0 17. Bg2 a5 18. 0-0 f5 1/2-1/2

[Event "Mysliborz 3rd"]
[Site "Mysliborz"]
[Date "2008.06.11"]
[Round "4"]
[White "Zezulkin, Jurij"]
[Black "Cyborowski, Lukasz"]
[Result "1/2-1/2"]
[WhiteElo "2443"]
[BlackElo "2541"]
[PlyCount "21"]
[EventDate "2008.06.09"]
[EventType "tourn"]
[EventRounds "9"]
[EventCountry "POL"]
[EventCategory "8"]
[SourceTitle "CBM 124 Extra"]
[Source "ChessBase"]
[SourceDate "2008.07.03"]
[SourceVersion "1"]
[SourceVersionDate "2008.07.03"]
[SourceQuality "1"]

1. d4 Nf6 2. c4 e6 3. Nf3 d5 4. Nc3 c5 5. cxd5 Nxd5 6. e4 Nxc3 7. bxc3 cxd4 8. cxd4 Bb4+ 9. Bd2 Bxd2+ 10. Qxd2 0-0 11. Bd3 1/2-1/2

[Event "Lasker Memorial op-A 16th"]
[Site "Barlinek"]
[Date "2008.05.31"]
[Round "1"]
[White "Zezulkin, Jurij"]
[Black "Bebel, Arkadiusz"]
[Result "1/2-1/2"]
[WhiteElo "2443"]
[BlackElo "2192"]
[PlyCount "27"]
[EventDate "2008.05.31"]
[EventType "swiss"]
[EventRounds "9"]
[EventCountry "POL"]
[SourceTitle "CBM 124 Extra"]
[Source "ChessBase"]
[SourceDate "2008.07.03"]
[SourceVersion "1"]
[SourceVersionDate "2008.07.03"]
[SourceQuality "1"]

1. e4 c5 2. Nc3 e6 3. Nf3 d6 4. d4 cxd4 5. Nxd4 Nf6 6. Be3 Be7 7. f3 Nc6 8. g4 0-0 9. Qd2 d5 10. g5 Nxd4 11. Qxd4 Nd7 12. h4 Bc5 13. Qd2 Ne5 14. 0-0-0 1/2-1/2

[Event "CZE-chT 0708"]
[Site "Czech Republic"]
[Date "2008.02.02"]
[Round "6.6"]
[White "Lechtynsky, Jiri"]
[Black "Zezulkin, Jurij"]
[Result "1/2-1/2"]
[WhiteElo "2422"]
[BlackElo "2452"]
[PlyCount "28"]
[EventDate "2007.11.17"]
[EventType "team-tourn"]
[EventRounds "11"]
[EventCountry "CZE"]
[SourceTitle "EXT 2009"]
[Source "ChessBase"]
[SourceDate "2008.11.26"]
[SourceVersion "1"]
[SourceVersionDate "2008.11.26"]
[SourceQuality "1"]
[WhiteTeam "Turnov Zikuda"]
[BlackTeam "Praha Mahrla"]
[WhiteTeamCountry "CZE"]
[BlackTeamCountry "CZE"]

1. d4 Nf6 2. Nf3 g6 3. c4 Bg7 4. Nc3 d5 5. Bg5 Ne4 6. cxd5 Nxg5 7. Nxg5 0-0 8. Nf3 c6 9. e3 cxd5 10. Be2 Nc6 11. 0-0 a6 12. Rc1 Bg4 13. h3 Bxf3 14. Bxf3 e6 1/2-1/2